Statistiques concernant Fortnite - Toutes les Villes du Chapitre 1

Cliquez ici pour prendre le quiz!

Statistiques générales

  • Ce quiz a été pris 199 fois
    (187 depuis la dernière actualisation)
  • Le résultat moyen est 11 sur 38

Statistiques - réponses

Saison d'ArrivéeVilles% Correct
1Salty Springs
80%
2Tilted Towers
71%
1Pleasant Park
67%
1Retail Row
57%
1Dusty Depot
52%
3Lucky Landing
52%
1Anarchy Acres
48%
1Fatal Fields
43%
1Loot Lake
43%
5Paradise Palms
41%
1Greasy Grove
40%
1Flush Factory
38%
4Dusty Divot
37%
1Tomato Town
37%
2Junk Junction
36%
1Lonely Lodge
35%
2Haunted Hills
33%
1Moisty Mire
32%
2Snobby Shores
29%
2Shifty Shafts
26%
1Wailing Woods
25%
9Neo Tilted
23%
5Lazy Links
21%
4Risky Reels
21%
7Polar Peak
19%
5Tomato Temple
17%
7Happy Hamlet
15%
8Lazy Lagoon
13%
8Le Bloc
13%
9Mega Mall
13%
7Frosty Flights
10%
10Gotham City
6%
8Sunny Steps
6%
9Pressure Plant
3%
6Leaky Lake
1%
10Moisty Palms
1%
10Bloc de Legendary-Chuan-Qi
0%
6Viking Village
0%

Distribution des résultats

Percentile par nombre de réponses

% des personnes avec chaque résultat

Votre développement - résultats

Vous n’avez pas pris ce quiz depuis la dernière actualisation